Catalog

Record Details

Catalog Search



Daredevil. Lockdown / Chip Zdarsky, writer ; Mike ... Read More

Series: Daredevil ; 7

Available copies

  • 1 of 1 copy available at LARL/NWRL Consortium.
  • 1 of 1 copy available at Lake Agassiz Regional Library. (Show preferred library)

Current holds

0 current holds with 1 total copy.

Show Only Available Copies
Location Call Number / Copy Notes Barcode Shelving Location Status Due Date
Moorhead Public Library Y G ZDA (Text) 33500013536438 Main Available -

Record details

  • ISBN: 1302926101
  • ISBN: 9781302926106
  • Physical Description: 1 volume (unpaged) : color illustrations ; 26 cm
  • Publisher: New York, NY : Marvel Worldwide, Inc., [2021]

Content descriptions

General Note:
Title from indicia.
"Contains material originally published in magazine form as Daredevil (2019) #31-36--Tp verso.
Formatted Contents Note:
Daredevil #31-32 / Mike Hawthore, penciler ; ... Read More
Summary, etc.:
"The Angel of Death has come to Hell's Kitchen. As ... Read More
Target Audience Note:
Rated: T+.
Subject: Daredevil (Fictitious character from Marvel Comics Group) > Comic books, strips, etc.
Kingpin (Fictitious character from Marvel Comics Group) > Comic books, strips, etc.
Elektra (Fictitious character : Miller) > Comic books, strips, etc.
Superheroes > Comic books, strips, etc.
Vigilantes > Comic books, strips, etc.
Supervillains > Comic books, strips, etc.
Hell's Kitchen (New York, N.Y.) > Comic books, strips, etc.
Daredevil (Fictitious character from Marvel Comics Group)
Kingpin (Fictitious character from Marvel Comics Group)
Elektra (Fictitious character : Miller)
Superheroes.
Supervillains.
Vigilantes.
New York (State) > New York > Hell's Kitchen.
Genre: Comics (Graphic works)
Graphic novels.
Superhero comics.
Superhero comics.
Graphic novels.
Comics (Graphic works)
LDR 04726cam a2200757 i 4500
001385684
003LARL_NWRL_CONSORTIUM
00520220217200903.0
008210710s2022 nyua e 6 000 1 eng d
040 . ‡aYDX ‡beng ‡erda ‡cYDX ‡dHBP ‡dGK5 ‡dUIU ‡dOCLCO ‡dBDX ‡dOCLCF
020 . ‡a1302926101
020 . ‡a9781302926106 ‡q(paperback)
035 . ‡a(OCoLC)1259585301
08204. ‡a741.5 ‡223
1001 . ‡aZdarsky, Chip, ‡eauthor. ‡0(LARL_NWRL_CONSORTIUM)221674
24510. ‡aDaredevil. ‡pLockdown / ‡cChip Zdarsky, writer ; Mike Hawthore, Manuel Garcia, pencilers ; Adriano De Benedetto, Cam Smith, Soctt Hanna, Victor Nava, inkers ; Marcio Menyz, Marco Checchetto, Stefano Landini, Francesco Mobili, Bryan Valenza, artists.
2463 . ‡aDaredevil by Chip Zdarsky. ‡pLockdown
2463 . ‡aLockdown
264 1. ‡aNew York, NY : ‡bMarvel Worldwide, Inc., ‡c[2021]
264 4. ‡c©2021
300 . ‡a1 volume (unpaged) : ‡bcolor illustrations ; ‡c26 cm
336 . ‡atext ‡btxt ‡2rdacontent
336 . ‡astill image ‡bsti ‡2rdacontent
337 . ‡aunmediated ‡bn ‡2rdamedia
338 . ‡avolume ‡bnc ‡2rdacarrier
4900 . ‡aDaredevil ; ‡v7
500 . ‡aTitle from indicia.
50500. ‡tDaredevil #31-32 / ‡rMike Hawthore, penciler ; Adriano di Benedetto, inker ; Marcio Menyz, color artist ; VC's Clayton Cowles, letterer -- ‡tDaredevil #33 / ‡rMarco Checchetto, artist ; Marcio Menyz, color artist ; VC's Clayton Cowles, letterer -- ‡tDaredevil #34-35 / ‡rStefano Landini with Francesco Mobili (#35, artist ; Marcio Menyz, color artist ; VC's Clayton Cowles, letterer -- ‡tDaredevil #36 / ‡rManuel Garcia, penciler ; Cam Smith, Scott Hanna, Victor Nava, inker ; Marcia Menyz, Bryan Valenza, color artist ; VC's Clayton Cowles, letterer.
500 . ‡a"Contains material originally published in magazine form as Daredevil (2019) #31-36--Tp verso.
520 . ‡a"The Angel of Death has come to Hell's Kitchen. As a series of grisly murders tests Elektra's mettle -- and her commitment to her role as the new Daredevil -- the city spirals into a state of panic. With the body count mounting, even the Marvel Universe's deadliest assassin is at somewhat of a loss -- because this serial killer can be in more than one place at a time! A team? A mutant? Or something else entirely? Meanwhile, Matt Murdock faces challenges of his own behind bars after being exposed to a dangerous and experimental compound that makes subjects more aggressive and violent. Whatever happens, one thing is certain -- Matt won't be getting time off for good behavior! The next installment of Chip Zdarsky's Eisner Award-nominated run delivers twists, turns and unexpected allies!"--Provided by publisher.
521 . ‡aRated: T+.
60000. ‡aDaredevil ‡c(Fictitious character from Marvel Comics Group) ‡vComic books, strips, etc.
60000. ‡aKingpin ‡c(Fictitious character from Marvel Comics Group) ‡vComic books, strips, etc.
650 0. ‡aElektra (Fictitious character : Miller) ‡vComic books, strips, etc.
650 0. ‡aSuperheroes ‡vComic books, strips, etc.
650 0. ‡aVigilantes ‡vComic books, strips, etc.
650 0. ‡aSupervillains ‡vComic books, strips, etc.
651 0. ‡aHell's Kitchen (New York, N.Y.) ‡vComic books, strips, etc.
60007. ‡aDaredevil ‡c(Fictitious character from Marvel Comics Group) ‡2fast
60007. ‡aKingpin ‡c(Fictitious character from Marvel Comics Group) ‡2fast
650 7. ‡aElektra (Fictitious character : Miller) ‡2fast
650 7. ‡aSuperheroes. ‡2fast ‡0(LARL_NWRL_CONSORTIUM)177502
650 7. ‡aSupervillains. ‡2fast
650 7. ‡aVigilantes. ‡2fast ‡0(LARL_NWRL_CONSORTIUM)36168
651 7. ‡aNew York (State) ‡zNew York ‡zHell's Kitchen. ‡2fast
655 7. ‡aComics (Graphic works) ‡2fast
655 7. ‡aGraphic novels. ‡2fast
655 7. ‡aSuperhero comics. ‡2fast
655 7. ‡aSuperhero comics. ‡2lcgft
655 7. ‡aGraphic novels. ‡2lcgft
655 7. ‡aComics (Graphic works) ‡2lcgft
7001 . ‡aChecchetto, Marco, ‡eartist. ‡0(LARL_NWRL_CONSORTIUM)202811
7001 . ‡aHawthorne, Mike, ‡epenciler.
7001 . ‡aBenedetto, Adriano di, ‡d1985- ‡einker.
7001 . ‡aLandini, Stefano, ‡eartist.
7001 . ‡aMobili, Francesco, ‡eartist.
7001 . ‡aGarcia, Manuel ‡c(Cartoonist), ‡epenciler.
7001 . ‡aSmith, Cam. ‡einker. ‡0(LARL_NWRL_CONSORTIUM)217917
7001 . ‡aHanna, Scott, ‡einker. ‡0(LARL_NWRL_CONSORTIUM)117044
7001 . ‡aNava, Victor ‡q(Victor Ricardo Nava Corona), ‡einker.
7001 . ‡aValenza, Bryan, ‡ecolorist.
7001 . ‡aMenyz, Marcio, ‡ecolorist.
7001 . ‡aCowles, Clayton, ‡eletterer.
901 . ‡a385684 ‡b ‡c385684 ‡tbiblio

Additional Resources